Historia del pensamiento social : una visión crítica y de conjunto que traza la historia de las ideas económicas, políticas, históricas y sociológicas /

Esta obra integra por vez primera el pensamiento social hispano de ambos lados del Atlántico, dentro del marco de las ideas sociales occidentales. Los grandes sistemas filosófico-sociales de Platón, Aristóteles, Marx y Engels, y los demás clásicos, reciben un lúcido tratamiento, así como el socialis...

Ausführliche Beschreibung

Gespeichert in:
Bibliographische Detailangaben
1. Verfasser: Giner, Salvador (autor)
Format: Buch
Sprache:Spanisch
Veröffentlicht: Barcelona, España : Ariel, 1982
Ausgabe:3a edición
Schriftenreihe:(Ariel Sociología)
Schlagworte:
Tags: Tag hinzufügen
Keine Tags, Fügen Sie das erste Tag hinzu!

MARC

LEADER 00000nam^a2200000^a^4500
001 000000413
005 20250521000000.0
009 20260310083027.989
020 |a 84-344-1675-1 
037 |a Acervo ITESO - Biblioteca 
041 |a ESP 
082 |a 301. 09  |b GIN 
100 |a Giner, Salvador  |e (autor) 
245 1 0 |a Historia del pensamiento social :  |b una visión crítica y de conjunto que traza la historia de las ideas económicas, políticas, históricas y sociológicas /  |c S. Giner. 
250 |a 3a edición  |b revisada 
264 4 |a Barcelona, España :  |b Ariel,  |c 1982 
300 |a 690 p. 
336 |a texto  |b txt  |2 rdacontenido 
337 |a sin mediación  |b n  |2 rdamedio 
338 |a volumen  |b nc  |2 rdasoporte 
440 1 |a (Ariel Sociología) 
520 |a Esta obra integra por vez primera el pensamiento social hispano de ambos lados del Atlántico, dentro del marco de las ideas sociales occidentales. Los grandes sistemas filosófico-sociales de Platón, Aristóteles, Marx y Engels, y los demás clásicos, reciben un lúcido tratamiento, así como el socialismo y el marxismo contemporáneos ocupan un lugar muy importante en el marco de este tratado histórico. 
649 |a XX 
650 |a Ilustración (Filosofía) 
650 |a Marxismo 
650 |a Socialismo 
650 |a Sociología -  |x Historia 
650 |a Sociología -  |x Teoría 
910 |a Fondo General 
920 |a Impresos - Libros 
930 |a Colección General 
905 |a 101 
901 |a 0004130100  |b IT1  |c ACC  |i 000413  |u 20250521 
902 |a https://opac.biblio.iteso.mx/vufind/Record/000000413